Statistics for Oklahoma City Thunder NBA All-Stars

Click here to take the quiz!

General Stats

  • This quiz has been taken 152 times
    (79 since last reset)
  • The average score is 11 of 24

Answer Stats

PlayersSelectionsLast% Correct
Kevin Durant72016
100%
Russell Westbrook82019
100%
Gary Payton92003
94%
Shawn Kemp51997
91%
Paul George22019
74%
Chris Paul12020
74%
Ray Allen42007
74%
Jack Sikma71985
59%
Detlef Schrempf21997
49%
Dennis Johnson21980
46%
Rashard Lewis12005
41%
Gus Williams21983
33%
Vin Baker11998
30%
Spencer Haywood41975
29%
Dale Ellis11989
26%
Lenny Wilkens31971
24%
Xavier McDaniel11988
24%
Fred Brown11976
24%
Tom Chambers11987
19%
David Thompson11983
11%
Lonnie Shelton11982
9%
Paul Westphal11981
9%
Bob Rule11970
7%
Walt Hazzard11968
3%

Score Distribution

Percentile by Number Answered

Percent of People with Each Score

Your Score History

You have not taken this quiz since the last reset